Allgemeinwissen Quiz #11 - Statistiken

Allgemein
  • Dieses Quiz wurde 5.954 mal gespielt
    5.509 seit der letzten Aktualisierung
  • Das Durchschnittsergebnis liegt bei 11 aus 20
Antwortstatistiken
Frage Antwort % Korrekt
Unter welchem Namen ist Dwayne Johnson besser bekannt? The Rock
94%
Welche Religion hat die meisten Anhänger in Indien? Hinduismus
87%
Wie lautet das Sprichwort: ‚Der Apfel fällt nicht weit vom …‘? Stamm
87%
Es gibt 12 Tiere im chinesischen Tierkreis. Welches davon existiert nicht in Wirklichkeit? Drache
75%
Aus welchem Land stammt die Luxusmarke Rolex? Schweiz
74%
Welches war vom 6.–19. Jahrhundert das meistgenutzte Schreibinstrument in der westlichen Welt? Federkiel
67%
Welche Buchreihe enthält die Figuren Bella, Edward und Jacob? Twilight
61%
Wie heißt die Zeit zwischen Aschermittwoch und Ostern? Fastenzeit
58%
Was war in den USA während der Prohibition verboten? Verkauf von Alkohol
57%
Wie heißt der älteste Sohn von König Charles III.? William
56%
Welcher große Vogel ist im Wappen Australiens abgebildet? Emu
53%
In welchem Land befindet sich Angkor Wat? Kambodscha
46%
In welchem heutigen Land wurde der Peloponnesische Krieg ausgetragen? Griechenland
39%
Welches Geschenk wird traditionell an einem 25. Hochzeitstag gemacht? Silber
37%
Wer parodierte Adolf Hitler im Film „Der große Diktator“? Charlie Chaplin
36%
Wie heißt die Gleichung mit der Formel ax² + bx + c = 0? Quadratische Gleichung
34%
In welchem Videospiel kann man einen „Tiger Uppercut“ oder „Hadouken“ ausführen? Street Fighter
33%
Welches Land schloss 1917 seine Börse und eröffnete sie erst 1992 wieder? Russland
27%
Was ist die Hauptstadt von Queensland (Australien)? Brisbane
26%
Wer war der erste christliche Kaiser Roms? Konstantin
21%
Keine übereinstimmenden Quizze gefunden
Verteilung der Resultate
Anzahl Personen mit jedem Resultat
Perzentil nach korrekt beantworteten Fragen
Ihre Resultats-Entwicklung
Sie haben dieses Quiz seit der letzten Aktualisierung nicht gespielt